<?xml version="1.0" encoding="UTF-8"?>
<record
    xmlns:xsi="http://www.w3.org/2001/XMLSchema-instance"
    xsi:schemaLocation="http://www.loc.gov/MARC21/slim http://www.loc.gov/standards/marcxml/schema/MARC21slim.xsd"
    xmlns="http://www.loc.gov/MARC21/slim">

  <leader>00516nas a22001817a 4500</leader>
  <datafield tag="999" ind1=" " ind2=" ">
    <subfield code="c">11834</subfield>
    <subfield code="d">11834</subfield>
  </datafield>
  <controlfield tag="003">OSt</controlfield>
  <controlfield tag="005">20230216122401.0</controlfield>
  <controlfield tag="008">230216b           ||||| |||| 00| 0 eng d</controlfield>
  <datafield tag="022" ind1=" " ind2=" ">
    <subfield code="2"> 0019-5588</subfield>
  </datafield>
  <datafield tag="040" ind1=" " ind2=" ">
    <subfield code="c">NA</subfield>
  </datafield>
  <datafield tag="082" ind1=" " ind2=" ">
    <subfield code="a">500</subfield>
  </datafield>
  <datafield tag="245" ind1=" " ind2=" ">
    <subfield code="a"> Indian Journal of Pure and Applied Mathematics</subfield>
    <subfield code="c">Indian National Science Academy</subfield>
    <subfield code="h">English</subfield>
  </datafield>
  <datafield tag="260" ind1=" " ind2=" ">
    <subfield code="a">New Delhi</subfield>
    <subfield code="b">Indian National Science Academy</subfield>
  </datafield>
  <datafield tag="310" ind1=" " ind2=" ">
    <subfield code="a">Quaterly</subfield>
  </datafield>
  <datafield tag="650" ind1=" " ind2=" ">
    <subfield code="a">Physics</subfield>
  </datafield>
  <datafield tag="856" ind1=" " ind2=" ">
    <subfield code="u">https://www.springer.com/journal/13226</subfield>
  </datafield>
  <datafield tag="942" ind1=" " ind2=" ">
    <subfield code="2">ddc</subfield>
    <subfield code="c">PED</subfield>
    <subfield code="s">1</subfield>
  </datafield>
  <datafield tag="952" ind1=" " ind2=" ">
    <subfield code="0">0</subfield>
    <subfield code="1">0</subfield>
    <subfield code="2">ddc</subfield>
    <subfield code="4">0</subfield>
    <subfield code="7">0</subfield>
    <subfield code="a">PIETNCR</subfield>
    <subfield code="b">PIETNCR</subfield>
    <subfield code="c">PS</subfield>
    <subfield code="d">2023-02-16</subfield>
    <subfield code="h">Vol 53, No 4</subfield>
    <subfield code="l">0</subfield>
    <subfield code="r">2023-02-16 00:00:00</subfield>
    <subfield code="w">2023-02-16</subfield>
    <subfield code="y">PED</subfield>
  </datafield>
  <datafield tag="952" ind1=" " ind2=" ">
    <subfield code="0">0</subfield>
    <subfield code="1">0</subfield>
    <subfield code="2">ddc</subfield>
    <subfield code="4">0</subfield>
    <subfield code="7">0</subfield>
    <subfield code="a">PIETNCR</subfield>
    <subfield code="b">PIETNCR</subfield>
    <subfield code="c">PC</subfield>
    <subfield code="d">2023-05-20</subfield>
    <subfield code="h">Vol, 52, No. 2</subfield>
    <subfield code="l">0</subfield>
    <subfield code="r">2023-05-20 00:00:00</subfield>
    <subfield code="w">0000-00-00</subfield>
    <subfield code="y">PED</subfield>
  </datafield>
  <datafield tag="952" ind1=" " ind2=" ">
    <subfield code="0">0</subfield>
    <subfield code="1">0</subfield>
    <subfield code="2">ddc</subfield>
    <subfield code="4">0</subfield>
    <subfield code="7">0</subfield>
    <subfield code="a">PIETNCR</subfield>
    <subfield code="b">PIETNCR</subfield>
    <subfield code="c">PC</subfield>
    <subfield code="d">2023-05-20</subfield>
    <subfield code="h">Vol, 52, No. 3</subfield>
    <subfield code="l">0</subfield>
    <subfield code="r">2023-05-20 00:00:00</subfield>
    <subfield code="w">0000-00-00</subfield>
    <subfield code="y">PED</subfield>
  </datafield>
  <datafield tag="952" ind1=" " ind2=" ">
    <subfield code="0">0</subfield>
    <subfield code="1">0</subfield>
    <subfield code="2">ddc</subfield>
    <subfield code="4">0</subfield>
    <subfield code="7">0</subfield>
    <subfield code="a">PIETNCR</subfield>
    <subfield code="b">PIETNCR</subfield>
    <subfield code="c">PC</subfield>
    <subfield code="d">2023-05-20</subfield>
    <subfield code="h">Vol 52, No 4</subfield>
    <subfield code="l">0</subfield>
    <subfield code="r">2023-05-20 00:00:00</subfield>
    <subfield code="w">0000-00-00</subfield>
    <subfield code="y">PED</subfield>
  </datafield>
  <datafield tag="952" ind1=" " ind2=" ">
    <subfield code="0">0</subfield>
    <subfield code="1">0</subfield>
    <subfield code="2">ddc</subfield>
    <subfield code="4">0</subfield>
    <subfield code="7">0</subfield>
    <subfield code="a">PIETNCR</subfield>
    <subfield code="b">PIETNCR</subfield>
    <subfield code="c">PC</subfield>
    <subfield code="d">2023-05-20</subfield>
    <subfield code="h">Vo. 53, No. 1</subfield>
    <subfield code="l">0</subfield>
    <subfield code="r">2023-05-20 00:00:00</subfield>
    <subfield code="w">0000-00-00</subfield>
    <subfield code="y">PED</subfield>
  </datafield>
  <datafield tag="952" ind1=" " ind2=" ">
    <subfield code="0">0</subfield>
    <subfield code="1">0</subfield>
    <subfield code="2">ddc</subfield>
    <subfield code="4">0</subfield>
    <subfield code="7">0</subfield>
    <subfield code="a">PIETNCR</subfield>
    <subfield code="b">PIETNCR</subfield>
    <subfield code="c">PC</subfield>
    <subfield code="d">2023-05-20</subfield>
    <subfield code="h">Vol.53, No. 2</subfield>
    <subfield code="l">0</subfield>
    <subfield code="r">2023-05-20 00:00:00</subfield>
    <subfield code="w">0000-00-00</subfield>
    <subfield code="y">PED</subfield>
  </datafield>
  <datafield tag="952" ind1=" " ind2=" ">
    <subfield code="0">0</subfield>
    <subfield code="1">0</subfield>
    <subfield code="2">ddc</subfield>
    <subfield code="4">0</subfield>
    <subfield code="7">0</subfield>
    <subfield code="a">PIETNCR</subfield>
    <subfield code="b">PIETNCR</subfield>
    <subfield code="c">PC</subfield>
    <subfield code="d">2023-05-20</subfield>
    <subfield code="h">Vol.53, No. 3</subfield>
    <subfield code="l">0</subfield>
    <subfield code="r">2023-05-20 00:00:00</subfield>
    <subfield code="w">0000-00-00</subfield>
    <subfield code="y">PED</subfield>
  </datafield>
</record>
